Score 0/12 Timer 03:00
1 Play Today
SCRAMBLE Answer % Correct
TIEHWWhite
92%
KABCLBlack
88.7%
TROFSFrost
75.1%
DONNOLLondon
74.5%
AARPPaar
68.9%
ONMELMLemmon
54.9%
YARNRyan
54%
Name in common with all the above:Jack
50.4%
EAURBBauer
41.3%
RASPOWRSparrow
28.4%
PLACEANPalance
14.4%
CLIUSANKNicklaus
9.1%

You're not logged in!

Compare scores with friends on all Sporcle quizzes.
OR
Log In

Sporcle TV

Today on Sporcle TV


Watch our educational content, quiz creation guides, and fun videos on Sporcle TV.

Show Comments

Extras

Top Quizzes Today


Score Distribution

Paid Content

Your Account Isn't Verified!

In order to create a playlist on Sporcle, you need to verify the email address you used during registration. Go to your Sporcle Settings to finish the process.

Report this User

Report this user for behavior that violates our Community Guidelines.

Details: